|
|
|
|
| LEADER |
00000cam a2200000 7i4500 |
| 001 |
0000002448 |
| 005 |
20030623.0 |
| 020 |
0 |
0 |
|a 8190144662
|
| 090 |
0 |
0 |
|a 338.1749
|b SAI 2002
|
| 100 |
1 |
0 |
|a SAIGAL
|h Sushil
|
| 245 |
1 |
0 |
|a Review of company-farmer partnerships for the supply of raw material to wood-based industry
|c Sushil Saigal, Divya Kashyap
|
| 260 |
0 |
0 |
|a New Delhi; London :
|b Ecotech Services; International Institute for Environment and Development ,
|c 2002
|
| 300 |
|
|
|a xviii, 131 p. :
|b ill. ;
|c 22 cm.
|
| 440 |
0 |
0 |
|a Instruments for sustainable private sector forestry; no. 5
|
| 500 |
0 |
0 |
|a BIbliography : p. 129-131
|
| 650 |
0 |
0 |
|a Forest products industry
|
| 700 |
0 |
1 |
|a Kashyap
|h Divya
|
| 998 |
|
|
|a JPSM
|
| 999 |
|
|
|a 0000004329
|b Monograph
|c Open Shelf
|e Default branch
|